| Tag |
First Indicator |
Second Indicator |
Subfields |
| LEADER |
00000cam a2200000 a 4500 |
| 001 |
in00001069592 |
| 005 |
20150929095803.0 |
| 008 |
881215s1988 txu s00010 eng d |
| 035 |
|
|
|a (OCoLC)18903977
|
| 035 |
|
|
|9 AFN6592AM
|
| 040 |
|
|
|a IKM
|c IKM
|d UtOrBLW
|
| 049 |
|
|
|a IKMD
|
| 086 |
|
|
|a E671.3 R299t 1988
|2 txdocs
|
| 099 |
|
9 |
|a E671.3
|a R299t
|a 1988
|
| 110 |
1 |
|
|a Texas.
|b State Textbook Committee.
|
| 245 |
1 |
0 |
|a Report of the State Textbook Committee to the State Board of Education on books offered for adoption.
|
| 264 |
|
1 |
|a Austin, Tex. :
|b Texas Education Agency,
|c 1988.
|
| 300 |
|
|
|a iv, 140 leaves ;
|c 28 cm.
|
| 336 |
|
|
|a text
|b txt
|2 rdacontent
|
| 337 |
|
|
|a unmediated
|b n
|2 rdamedia
|
| 338 |
|
|
|a volume
|b nc
|2 rdacarrier
|
| 650 |
|
0 |
|a Textbooks
|z Texas.
|
| 710 |
1 |
|
|a Texas.
|b State Board of Education.
|
| 710 |
2 |
|
|a Texas Education Agency.
|
| 999 |
|
|
|a MARS
|
| 999 |
f |
f |
|s 44220f3e-1ec2-341a-9a0f-bd9a77a07c93
|i b741b248-7f9e-33a5-8866-5e0423a85cc1
|t 0
|
| 952 |
f |
f |
|p normal
|a Texas A&M University
|b College Station
|c Sterling C. Evans Library
|d Evans: Texas Documents (Annex 5th floor)
|t 0
|e E671.3 R299t 1988
|h Superintendent of Documents classification
|i unmediated -- volume
|m A14815938029
|
| 998 |
f |
f |
|a E671.3 R299t 1988
|t 0
|l Evans: Texas Documents (Annex 5th floor)
|